[Event "CHI-ch qual"]
[Site "Quilpue"]
[Date "2016.12.11"]
[Round "2.4"]
[White "Contreras Alarcon, Jose"]
[Black "Bascunan Ramirez, Daniel"]
[Result "1-0"]
[WhiteElo "1704"]
[BlackElo "1185"]
[PlyCount "69"]
[EventDate "2016.12.11"]
[EventType "swiss"]
[EventRounds "6"]
[EventCountry "CHI"]
[SourceTitle "EXT 2024"]
[Source "ChessBase"]
[SourceDate "2023.10.10"]
[SourceVersion "1"]
[SourceVersionDate "2023.10.10"]
[SourceQuality "1"]

1. e4 e6 2. d4 d5 3. exd5 exd5 4. c4 Be6 5. Nf3 Be7 6. Nc3 c6 7. Qb3 Nf6 8. Qxb7 Qb6 9. Qxa8 0-0 10. c5 Qb4 11. Qxa7 Nbd7 12. Qa4 Qb7 13. Be2 Ra8 14. Qc2 Nf8 15. 0-0 Qc7 16. Ne5 h6 17. b4 Qc8 18. Be3 Ra3 19. Nb1 Bf5 20. Bd3 Rxd3 21. Nxd3 Qa6 22. Rd1 Ng4 23. a4 Nxe3 24. fxe3 Bg5 25. Qe2 Qc8 26. Re1 Ng6 27. b5 Be4 28. Nd2 Bh4 29. g3 Bxd3 30. Qxd3 Bf6 31. b6 Nf8 32. a5 Ne6 33. Nb3 Ng5 34. Rf1 Bd8 35. a6 1-0